ბათუმის შოთა რუსთაველის სახელმწიფო უნივერსიტეტის ბიბლიოთეკა

სონეტები სიყვარულზე,პირამიდა და სხვა ლექსები (ბიბ.ჩანაწერი № 42163)

000 -LEADER
fixed length control field 00793nam a2200229Ia 4500
001 - CONTROL NUMBER
control field 8856
003 - CONTROL NUMBER IDENTIFIER
control field GE_BSU
008 - FIXED-LENGTH DATA ELEMENTS--GENERAL INFORMATION
fixed length control field 181216s||||||||xx |||||||||||||| ||und||
040 ## - CATALOGING SOURCE
Transcribing agency GE_BSU
080 ## - UNIVERSAL DECIMAL CLASSIFICATION NUMBER
Universal Decimal Classification number 821.353.1-193.3
100 ## - MAIN ENTRY--PERSONAL NAME
Personal name კალანდია,გენო
245 ## - TITLE STATEMENT
Title სონეტები სიყვარულზე,პირამიდა და სხვა ლექსები
245 ## - TITLE STATEMENT
Statement of responsibility, etc. რედ. ლეილა მესხი
260 ## - PUBLICATION, DISTRIBUTION, ETC.
Place of publication, distribution, etc. თბილისი
260 ## - PUBLICATION, DISTRIBUTION, ETC.
Name of publisher, distributor, etc. მერანი
260 ## - PUBLICATION, DISTRIBUTION, ETC.
Date of publication, distribution, etc. 1991
300 ## - PHYSICAL DESCRIPTION
Extent 200გვ.16სმ.
653 ## - INDEX TERM--UNCONTROLLED
Uncontrolled term ლექსები
653 ## - INDEX TERM--UNCONTROLLED
Uncontrolled term პირამიდა და სხვა ლექსები
653 ## - INDEX TERM--UNCONTROLLED
Uncontrolled term სონეტები სიყვარულზე
942 ## - ADDED ENTRY ELEMENTS (KOHA)
Koha item type წიგნი
ეგზემპლარები
Withdrawn status Lost status Damaged status Not for loan Date acquired Barcode Date last seen Price effective from Koha item type Public note
        2018-12-17 31350 2018-12-17 2018-12-17 წიგნი  
        2018-12-17 31351 2018-12-17 2018-12-17 წიგნი  
        2018-12-17 31352 2018-12-17 2018-12-17 წიგნი  
        2018-12-17 31353 2018-12-17 2018-12-17 წიგნი  
        2018-12-17 31354 2018-12-17 2018-12-17 წიგნი  
        2018-12-17 22430 2018-12-17 2018-12-17 წიგნი აგრარული ტექ.ფაკ.
        2018-12-17 22431 2018-12-17 2018-12-17 წიგნი აგრარული ტექ.ფაკ.